[Event "Open SSC Rostock 07 - 2009"]
[Site "Rostock"]
[Date "2009.08.28"]
[Round "3.24"]
[White "Breuel, Steffen"]
[Black "Vladov, Mark"]
[Result "1/2-1/2"]
[WhiteElo "1054"]
[BlackElo "1651"]
[PlyCount "41"]
[EventDate "2009.08.27"]
[EventType "swiss"]
[EventRounds "7"]
[EventCountry "GER"]
[Source "Th. Schwetlick"]
[SourceDate "2009.08.27"]
[WhiteTeam "SSC Rostock 07"]
[BlackTeam "SF Ostsee Warnemuende"]

1. d4 Nf6 2. c4 g6 3. Nc3 Bg7 4. e4 d6 5. Nf3 O-O 6. Be2 Nbd7 7. O-O e5 8. Bg5
h6 9. Bh4 exd4 10. Nxd4 a5 11. f4 Nc5 12. e5 dxe5 13. fxe5 g5 14. exf6 Bxf6 15.
Bf2 Re8 16. Nd5 Bg7 17. Nb5 Ne6 18. Ndxc7 Nxc7 19. Qxd8 Rxd8 20. Nxc7 Rb8 21.
Rad1 1/2-1/2

[Event "Open SSC Rostock 07 - 2009"]
[Site "Rostock"]
[Date "2009.08.28"]
[Round "3.25"]
[White "Feilcke, Samuel"]
[Black "Hilbert, Stephan Joerg"]
[Result "0-1"]
[WhiteElo "941"]
[BlackElo "1591"]
[PlyCount "104"]
[EventDate "2009.08.27"]
[EventType "swiss"]
[EventRounds "7"]
[EventCountry "GER"]
[Source "Th. Schwetlick"]
[SourceDate "2009.08.27"]
[BlackTeam "SV Wartburgstadt Eisenach"]

1. e4 c6 2. d4 d5 3. e5 Bf5 4. f4 e6 5. Bd3 Bxd3 6. Qxd3 Qb6 7. c3 Qa6 8. Qxa6
Nxa6 9. Nf3 c5 10. Be3 Nh6 11. O-O Nf5 12. Bf2 cxd4 13. cxd4 Bb4 14. a3 Ba5 15.
b4 Bb6 16. Nc3 Nc7 17. Na4 Nb5 18. Nxb6 axb6 19. a4 Nc3 20. b5 Kd7 21. g3 h6
22. Rfe1 Rhc8 23. g4 Ne7 24. Re3 Nxb5 25. Rb3 Nc3 26. Rxb6 Ra7 27. a5 Rc6 28.
Rxc6 Nxc6 29. f5 b5 30. Kf1 b4 31. a6 b3 32. Nd2 b2 33. Ra3 b1=Q+ 34. Nxb1 Nxb1
35. Ra2 Nc3 36. Ra3 Ne4 37. Be3 Nb8 38. Rb3 Nxa6 39. Ra3 Kc6 40. h4 Kb5 41. g5
hxg5 42. hxg5 exf5 43. g6 fxg6 44. Ke2 g5 45. Kf3 g6 46. Ra1 Rh7 47. Rg1 g4+
48. Kf4 Nc7 49. Rb1+ Kc4 50. Rc1+ Kd3 51. Rc6 Ne6+ 52. Rxe6 Rh3 0-1

[Event "Open SSC Rostock 07 - 2009"]
[Site "Rostock"]
[Date "2009.08.28"]
[Round "4.1"]
[White "Szelag, Marcin"]
[Black "Tomczak, Jacek"]
[Result "1/2-1/2"]
[WhiteElo "2466"]
[BlackElo "2447"]
[PlyCount "42"]
[EventDate "2009.08.27"]
[EventType "swiss"]
[EventRounds "7"]
[EventCountry "GER"]
[Source "Th. Schwetlick"]
[SourceDate "2009.08.27"]
[WhiteTeam "SSC Rostock 07"]
[BlackTeam "SSC Rostock 07"]

1. e4 d5 2. exd5 Qxd5 3. Nc3 Qa5 4. d4 Nf6 5. Nf3 c6 6. Bc4 Bf5 7. Bd2 e6 8.
Nd5 Qd8 9. Nxf6+ gxf6 10. Bf4 Bd6 11. Bg3 Qe7 12. Qd2 Nd7 13. O-O-O O-O-O 14.
Rhe1 Nb6 15. Bb3 Nd5 16. Qa5 b6 17. Qa4 b5 18. Qa6+ Qb7 19. Qxb7+ Kxb7 20. Bxd5
cxd5 21. Nh4 Bg6 1/2-1/2

[Event "Open SSC Rostock 07 - 2009"]
[Site "Rostock"]
[Date "2009.08.28"]
[Round "4.2"]
[White "Zentgraf, Robert"]
[Black "Tomczak, Rafal"]
[Result "0-1"]
[WhiteElo "2119"]
[BlackElo "2345"]
[PlyCount "118"]
[EventDate "2009.08.27"]
[EventType "swiss"]
[EventRounds "7"]
[EventCountry "GER"]
[Source "Th. Schwetlick"]
[SourceDate "2009.08.27"]
[WhiteTeam "SAV Torgelow-Droegeheide"]
[BlackTeam "SSC Rostock 07"]

1. Nf3 d5 2. c4 dxc4 3. Na3 c6 4. Nxc4 Nf6 5. g3 g6 6. Bg2 Be6 7. b3 Bg7 8. Bb2
O-O 9. O-O Na6 10. d3 Qc8 11. Re1 Bh3 12. Bh1 Qf5 13. Ne3 Qh5 14. Ng2 Qa5 15.
Nf4 Bf5 16. a3 Rad8 17. b4 Qb6 18. e3 Nc7 19. Bd4 Qa6 20. a4 Bg4 21. Qb3 Ne6
22. Nxe6 Bxe6 23. Qb2 Qxd3 24. Ne5 Qb3 25. Qd2 Bf5 26. Qa2 Qxb4 27. g4 Nxg4 28.
Nxg4 Bxg4 29. Rab1 Qd6 30. Bxg7 Kxg7 31. Rxb7 Bh3 32. Qc2 c5 33. Rb5 Rc8 34.
Rd1 Qe6 35. Qc3+ Kg8 36. f3 Qf5 37. Rc1 Rfd8 38. Kf2 Rd3 39. Qc4 Rd2+ 40. Kg3
Qe5+ 41. Qf4 Qxf4+ 42. exf4 Bf5 43. Rbxc5 Rcd8 44. Bg2 Ra2 45. Ra5 Rdd2 46. Rg1
h5 47. h4 Rd7 48. Bh3 Bxh3 49. Kxh3 Rd4 50. Rxa7 Rxf4 51. Kg3 Raxa4 52. Rxe7
Rxh4 53. Rb1 Rhf4 54. Rbb7 h4+ 55. Kf2 Kg7 56. Ke3 g5 57. Rb5 Ra3+ 58. Ke2 Kg6
59. Re8 f6 0-1

[Event "Open SSC Rostock 07 - 2009"]
[Site "Rostock"]
[Date "2009.08.28"]
[Round "4.3"]
[White "Steinhagen, Bernd"]
[Black "Schulz, Michael"]
[Result "1/2-1/2"]
[WhiteElo "2318"]
[BlackElo "2268"]
[PlyCount "83"]
[EventDate "2009.08.27"]
[EventType "swiss"]
[EventRounds "7"]
[EventCountry "GER"]
[Source "Th. Schwetlick"]
[SourceDate "2009.08.27"]
[WhiteTeam "SC Rotation Pankow"]
[BlackTeam "SC Zitadelle Spandau 1977"]

1. c4 d6 2. g3 e5 3. Bg2 Nc6 4. d3 f5 5. Nc3 Nf6 6. Rb1 Be7 7. b4 O-O 8. e3 Qe8
9. b5 Nd8 10. Nge2 Ne6 11. O-O Qh5 12. f4 Nc5 13. d4 exd4 14. exd4 Nce4 15. Qc2
Ng4 16. h3 Ngf6 17. g4 Qg6 18. g5 Nh5 19. Nxe4 fxe4 20. Bxe4 Bf5 21. Nc3 Bf6
22. Be3 Ng3 23. Bxf5 Nxf5 24. Bf2 Bxd4 25. Bxd4 Nxd4 26. Qxg6 hxg6 27. Nd5 Rae8
28. Rbd1 Ne6 29. Rde1 c6 30. Nc3 Nd4 31. Rd1 c5 32. Nd5 Re2 33. Rf2 Rfe8 34.
Rxe2 Rxe2 35. Kf1 Rxa2 36. Re1 b6 37. Re8+ Kf7 38. Re7+ Kf8 39. Rd7 Nf5 40. Ke1
Ke8 41. Rb7 Kd8 42. Rf7 1/2-1/2

[Event "Open SSC Rostock 07 - 2009"]
[Site "Rostock"]
[Date "2009.08.28"]
[Round "4.4"]
[White "Duester, Christian"]
[Black "Kliewe, Hans Juergen"]
[Result "1-0"]
[WhiteElo "2240"]
[BlackElo "2120"]
[PlyCount "73"]
[EventDate "2009.08.27"]
[EventType "swiss"]
[EventRounds "7"]
[EventCountry "GER"]
[Source "Th. Schwetlick"]
[SourceDate "2009.08.27"]
[WhiteTeam "SC Rotation Pankow"]
[BlackTeam "ASV Gruen-Weiss Wismar"]

1. e4 e6 2. d3 d5 3. Nd2 c5 4. Ngf3 Nc6 5. g3 Nf6 6. Bg2 dxe4 7. dxe4 e5 8. O-O
Be7 9. c3 O-O 10. Qc2 Qc7 11. Rd1 Rd8 12. b3 b6 13. Bb2 Bb7 14. Nf1 Na5 15. Nh4
g6 16. Ne3 Rxd1+ 17. Rxd1 Rd8 18. Nd5 Nxd5 19. exd5 Bxh4 20. gxh4 Bc8 21. c4
Bf5 22. Qe2 Re8 23. Re1 f6 24. f4 e4 25. Bxf6 Qxf4 26. Qb2 Nb7 27. Bh8 Qc7 28.
Bc3 Nd6 29. Qf2 Nf7 30. Bxe4 Qd7 31. Bxf5 Rxe1+ 32. Qxe1 gxf5 33. Qg3+ Kf8 34.
Qg7+ Ke8 35. Bf6 Qd6 36. Qg8+ Qf8 37. Qxh7 1-0

[Event "Open SSC Rostock 07 - 2009"]
[Site "Rostock"]
[Date "2009.08.28"]
[Round "4.5"]
[White "Wolke, Heiko"]
[Black "Porsch, Harald"]
[Result "1-0"]
[WhiteElo "2012"]
[BlackElo "2196"]
[PlyCount "57"]
[EventDate "2009.08.27"]
[EventType "swiss"]
[EventRounds "7"]
[EventCountry "GER"]
[Source "Th. Schwetlick"]
[SourceDate "2009.08.27"]
[WhiteTeam "SF Ostsee Warnemuende"]
[BlackTeam "SC Rotation Pankow"]

1. e4 g6 2. d4 Bg7 3. Nf3 d6 4. Be2 Nf6 5. Nc3 c6 6. Bg5 Qc7 7. Qd2 h6 8. Bf4
Nh5 9. Be3 a6 10. e5 g5 11. h3 Bf8 12. O-O-O d5 13. g4 Ng7 14. h4 Bxg4 15. hxg5
h5 16. Rdg1 Nd7 17. Rxg4 hxg4 18. Rxh8 gxf3 19. Bxf3 O-O-O 20. Bg4 e6 21. Qd3
c5 22. f4 cxd4 23. Bxd4 Qc4 24. Qxc4+ dxc4 25. Ne4 b5 26. c3 Nf5 27. Bxf5 exf5
28. Ng3 b4 29. cxb4 1-0

[Event "Open SSC Rostock 07 - 2009"]
[Site "Rostock"]
[Date "2009.08.28"]
[Round "4.6"]
[White "Jeske, Holger"]
[Black "Peschel, Andreas"]
[Result "0-1"]
[WhiteElo "1980"]
[BlackElo "2191"]
[PlyCount "60"]
[EventDate "2009.08.27"]
[EventType "swiss"]
[EventRounds "7"]
[EventCountry "GER"]
[Source "Th. Schwetlick"]
[SourceDate "2009.08.27"]
[WhiteTeam "SSC Rostock 07"]
[BlackTeam "SG Solingen"]

1. e4 e6 2. d4 d5 3. exd5 exd5 4. Nf3 Bg4 5. h3 Bh5 6. Qe2+ Qe7 7. Qxe7+ Bxe7
8. Ne5 f6 9. Nd3 Nc6 10. c3 O-O-O 11. Nf4 Bf7 12. Be2 h5 13. Bd3 Nh6 14. Ng6
Rhe8 15. O-O Bd6 16. f4 Ne7 17. Ne5 Be6 18. Nf3 Bf5 19. Bxf5+ Nexf5 20. Kf2 Re4
21. Re1 Rde8 22. Rxe4 dxe4 23. Ne5 fxe5 24. fxe5 Be7 25. Bxh6 gxh6 26. g4 Bh4+
27. Ke2 Ng3+ 28. Ke3 Rf8 29. d5 Rf1 30. Nd2 Rxa1 0-1

[Event "Open SSC Rostock 07 - 2009"]
[Site "Rostock"]
[Date "2009.08.28"]
[Round "4.7"]
[White "Raessler, Arndt"]
[Black "Kathstede, Gerd"]
[Result "0-1"]
[WhiteElo "1839"]
[BlackElo "2147"]
[PlyCount "80"]
[EventDate "2009.08.27"]
[EventType "swiss"]
[EventRounds "7"]
[EventCountry "GER"]
[Source "Th. Schwetlick"]
[SourceDate "2009.08.27"]
[WhiteTeam "ASV Gruen-Weiss Wismar"]
[BlackTeam "Hervest-Dorstener SK"]

1. d4 Nf6 2. Nf3 e6 3. Bg5 h6 4. Bh4 c5 5. c3 cxd4 6. Nxd4 Be7 7. e3 O-O 8. Be2
Nc6 9. O-O d5 10. Bg3 Ne4 11. Nd2 Nxg3 12. hxg3 e5 13. N4f3 Be6 14. Nb3 Qb6 15.
Re1 Rfd8 16. Rc1 Bf6 17. Bf1 a5 18. Qe2 a4 19. Nbd2 Qxb2 20. Ne4 Qxe2 21. Nxf6+
gxf6 22. Rxe2 a3 23. Rd2 Na5 24. Rcd1 Rdc8 25. Rc2 Rc5 26. Nd2 Rac8 27. Nb1 Bf5
28. Bd3 Bxd3 29. Rxd3 Nc4 30. Kf1 R8c6 31. Ke2 Rb6 32. Rd1 Rcb5 33. Nd2 Rb2 34.
Rdc1 Rxc2 35. Rxc2 Kf8 36. Nb3 Ke7 37. g4 Rc6 38. Rc1 Nd6 39. Kd3 b5 40. Rh1
Ne4 0-1

[Event "Open SSC Rostock 07 - 2009"]
[Site "Rostock"]
[Date "2009.08.28"]
[Round "4.8"]
[White "Friedel, Marcus"]
[Black "Eichstaedt, Enrico"]
[Result "1-0"]
[WhiteElo "2142"]
[BlackElo "1890"]
[PlyCount "53"]
[EventDate "2009.08.27"]
[EventType "swiss"]
[EventRounds "7"]
[EventCountry "GER"]
[Source "Th. Schwetlick"]
[SourceDate "2009.08.27"]
[WhiteTeam "SK 1926 Ettlingen"]
[BlackTeam "SC Neukloster"]

1. e4 c5 2. c3 Nf6 3. e5 Nd5 4. d4 e6 5. Nf3 Nc6 6. c4 Nb6 7. d5 exd5 8. cxd5
Nb4 9. d6 h6 10. Nc3 a6 11. Be3 c4 12. b3 Nc6 13. bxc4 Rb8 14. c5 Na8 15. Bc4
Na5 16. Bd5 b5 17. Nd2 Bb7 18. Qf3 Bxd5 19. Nxd5 Nc6 20. Qe4 Qa5 21. O-O Qa4
22. Qxa4 bxa4 23. Rab1 Kd8 24. Ne4 Rxb1 25. Rxb1 Kc8 26. Nb4 Kb7 27. Nxc6+ 1-0

[Event "Open SSC Rostock 07 - 2009"]
[Site "Rostock"]
[Date "2009.08.28"]
[Round "4.9"]
[White "Welz, Peter"]
[Black "Erich, Juergen"]
[Result "1-0"]
[WhiteElo "2101"]
[BlackElo "1873"]
[PlyCount "75"]
[EventDate "2009.08.27"]
[EventType "swiss"]
[EventRounds "7"]
[EventCountry "GER"]
[Source "Th. Schwetlick"]
[SourceDate "2009.08.27"]
[WhiteTeam "SV Empor Berlin"]
[BlackTeam "TSV Travemuende von 1860"]

1. e4 c5 2. c3 d5 3. e5 d4 4. Bc4 e6 5. Nf3 a6 6. d3 Ne7 7. O-O b5 8. Bb3 Bb7
9. Qe2 Ng6 10. g3 Be7 11. h4 Nd7 12. Nbd2 dxc3 13. bxc3 Qc7 14. d4 h5 15. Bb2
Qc6 16. Bc2 Nb6 17. Be4 Qc7 18. Bxb7 Qxb7 19. Ne4 Nf8 20. dxc5 Nc4 21. Bc1 Qc6
22. Nd6+ Bxd6 23. cxd6 Nd7 24. Bg5 Ndb6 25. Nd4 Qc8 26. Rfe1 Nd7 27. f4 g6 28.
Be7 Qc5 29. Kh2 Rc8 30. Rac1 Ncb6 31. Qd3 Nd5 32. Nxe6 Qf2+ 33. Kh3 Nxe7 34.
dxe7 Rg8 35. Ng5 Nc5 36. Qd5 Rg7 37. Rcd1 Qc2 38. Qd8+ 1-0

[Event "Open SSC Rostock 07 - 2009"]
[Site "Rostock"]
[Date "2009.08.28"]
[Round "4.10"]
[White "Kugler, Florian"]
[Black "Worm, Alfred"]
[Result "1-0"]
[WhiteElo "2042"]
[BlackElo "1841"]
[PlyCount "83"]
[EventDate "2009.08.27"]
[EventType "swiss"]
[EventRounds "7"]
[EventCountry "GER"]
[Source "Th. Schwetlick"]
[SourceDate "2009.08.27"]
[WhiteTeam "SC Neukloster"]
[BlackTeam "SSC Rostock 07"]

1. e4 c6 2. d4 d5 3. Nd2 dxe4 4. Nxe4 Bf5 5. Ng3 Bg6 6. h4 h6 7. Nf3 Nd7 8. h5
Bh7 9. Bd3 Bxd3 10. Qxd3 e6 11. Ne4 Ngf6 12. Bf4 Qa5+ 13. Bd2 Qc7 14. O-O-O
O-O-O 15. g3 Nxe4 16. Qxe4 Nf6 17. Qe2 Rd5 18. Kb1 Rxh5 19. Bf4 Bd6 20. Bxd6
Qxd6 21. Rxh5 Nxh5 22. Ne5 Qd5 23. c4 Qa5 24. Qxh5 f6 25. Qf7 fxe5 26. Qxe6+
Kb8 27. dxe5 Rd8 28. Rxd8+ Qxd8 29. Kc2 Qf8 30. Qd6+ Qxd6 31. exd6 c5 32. Kd3
Kc8 33. Ke4 Kd7 34. Kf5 a6 35. Kg6 b5 36. b3 bxc4 37. bxc4 Kxd6 38. Kxg7 Ke5
39. Kxh6 Ke4 40. g4 Kd4 41. g5 Kxc4 42. g6 1-0

[Event "Open SSC Rostock 07 - 2009"]
[Site "Rostock"]
[Date "2009.08.28"]
[Round "4.11"]
[White "Weber, Max"]
[Black "Leisner, Hannes"]
[Result "1/2-1/2"]
[WhiteElo "1894"]
[BlackElo "2021"]
[PlyCount "91"]
[EventDate "2009.08.27"]
[EventType "swiss"]
[EventRounds "7"]
[EventCountry "GER"]
[Source "Th. Schwetlick"]
[SourceDate "2009.08.27"]
[WhiteTeam "SSC Rostock 07"]
[BlackTeam "Greifswalder SV"]

1. d4 Nf6 2. Nf3 g6 3. c4 Bg7 4. Nc3 d5 5. e3 O-O 6. Qb3 e6 7. Be2 b6 8. O-O
Bb7 9. Ne5 Nbd7 10. f4 c5 11. cxd5 Nxd5 12. Bf3 Nxe5 13. fxe5 Nxc3 14. bxc3 Qd7
15. Ba3 Bh6 16. Bxb7 Bxe3+ 17. Kh1 Qxb7 18. Bxc5 Rfd8 19. Rf3 Bh6 20. Raf1 Rd7
21. Bd6 Rc8 22. Ba3 Qc6 23. Qb2 Rcc7 24. Qf2 Qe4 25. Bd6 Rb7 26. Re1 Qg4 27.
Ba3 Rbc7 28. h3 Qg5 29. Bc1 Qxc1 30. Rxc1 Bxc1 31. h4 h6 32. Qc2 Ba3 33. Qb3
Be7 34. h5 gxh5 35. Rd3 Bg5 36. c4 h4 37. d5 exd5 38. cxd5 Bf4 39. Rc3 Rxc3 40.
Qxc3 Rxd5 41. Qc8+ Kg7 42. Qg4+ Bg5 43. Qe4 Ra5 44. Qe2 Bf4 45. e6 fxe6 46.
Qxe6 1/2-1/2

[Event "Open SSC Rostock 07 - 2009"]
[Site "Rostock"]
[Date "2009.08.28"]
[Round "4.13"]
[White "Hamann, Dirk"]
[Black "Richter, Ruediger"]
[Result "1-0"]
[WhiteElo "2048"]
[BlackElo "1846"]
[PlyCount "39"]
[EventDate "2009.08.27"]
[EventType "swiss"]
[EventRounds "7"]
[EventCountry "GER"]
[Source "Th. Schwetlick"]
[SourceDate "2009.08.27"]
[WhiteTeam "SF Ostsee Warnemuende"]
[BlackTeam "SVG Friedrichsort"]

1. e4 d5 2. exd5 Qxd5 3. Nc3 Qd6 4. Nf3 Bg4 5. Bc4 Nc6 6. Bxf7+ Kxf7 7. Ng5+
Ke8 8. Qxg4 Qe5+ 9. Nge4 Nd4 10. Qd1 Nf6 11. d3 b5 12. O-O h5 13. Nxf6+ gxf6
14. Be3 c5 15. Re1 Qf5 16. Ne4 e5 17. Bxd4 cxd4 18. a3 h4 19. h3 Rg8 20. Qh5+
1-0

[Event "Open SSC Rostock 07 - 2009"]
[Site "Rostock"]
[Date "2009.08.28"]
[Round "4.14"]
[White "Giese, Guido"]
[Black "Jaehn, Justin"]
[Result "1/2-1/2"]
[WhiteElo "2015"]
[BlackElo "1587"]
[PlyCount "99"]
[EventDate "2009.08.27"]
[EventType "swiss"]
[EventRounds "7"]
[EventCountry "GER"]
[Source "Th. Schwetlick"]
[SourceDate "2009.08.27"]
[WhiteTeam "TSG Neuruppin"]
[BlackTeam "SF Schwerin"]

1. Nc3 d5 2. e4 d4 3. Nce2 c5 4. Ng3 Nc6 5. Bc4 e6 6. d3 Na5 7. Bb5+ Bd7 8.
Bxd7+ Qxd7 9. Nf3 Bd6 10. Bd2 Nc6 11. a3 Qc7 12. c3 Ne5 13. Nxe5 Bxe5 14. c4
Ne7 15. Ne2 Ng6 16. g3 Qd7 17. f4 Bc7 18. b4 b6 19. b5 a5 20. Ng1 h5 21. h4
O-O-O 22. Qf3 Kb8 23. Nh3 Qe7 24. O-O-O Rde8 25. Rde1 Bd8 26. Rh2 Nf8 27. Nf2
Nd7 28. e5 Qf8 29. Ne4 Be7 30. Rhe2 g6 31. Kc2 Rc8 32. Kb3 Rh7 33. Ka4 Rc7 34.
Rb1 Rb7 35. Be1 Qd8 36. Kb3 Rh8 37. Ka2 Rh7 38. Rbb2 Rh8 39. Bd2 Qf8 40. Be1
Qd8 41. Rh2 Rc7 42. Rbg2 Rc8 43. Qe2 Qc7 44. Rh1 Rcg8 45. Rgh2 Rg7 46. Kb2 Qd8
47. Kc2 Qf8 48. Ng5 Qd8 49. Bd2 Qc7 50. Ne4 1/2-1/2

[Event "Open SSC Rostock 07 - 2009"]
[Site "Rostock"]
[Date "2009.08.28"]
[Round "4.15"]
[White "Luther, Alexander"]
[Black "Bigalke, Steffen"]
[Result "1/2-1/2"]
[WhiteElo "1689"]
[BlackElo "1978"]
[PlyCount "105"]
[EventDate "2009.08.27"]
[EventType "swiss"]
[EventRounds "7"]
[EventCountry "GER"]
[Source "Th. Schwetlick"]
[SourceDate "2009.08.27"]
[WhiteTeam "SSC Rostock 07"]
[BlackTeam "SAV Torgelow-Droegeheide"]

1. e4 c5 2. Nf3 Nc6 3. d4 cxd4 4. Nxd4 g6 5. Be3 Bg7 6. Nc3 Nf6 7. f3 O-O 8.
Be2 d5 9. exd5 Nxd5 10. Nxd5 Qxd5 11. Nxc6 bxc6 12. Qxd5 cxd5 13. O-O-O e6 14.
h4 a5 15. h5 Ba6 16. Bxa6 Rxa6 17. hxg6 hxg6 18. Bh6 Rb8 19. Bxg7 Kxg7 20. Rhe1
Rab6 21. b3 a4 22. Rd4 axb3 23. cxb3 Rc8+ 24. Kb1 Rbc6 25. Re2 f5 26. b4 Kf6
27. b5 Rc1+ 28. Kb2 R1c4 29. Rxc4 Rxc4 30. Kb3 e5 31. a4 Ke6 32. b6 Rc6 33. a5
Rc5 34. Kb4 Rc1 35. Kb5 d4 36. b7 Rb1+ 37. Ka6 d3 38. Rd2 e4 39. fxe4 fxe4 40.
Ka7 Kd5 41. b8=Q Rxb8 42. Kxb8 Kd4 43. a6 e3 44. Rxd3+ Kxd3 45. a7 e2 46. a8=Q
e1=Q 47. Qa6+ Ke3 48. Qxg6 Qb4+ 49. Kc7 Qc4+ 50. Kd7 Qd4+ 51. Ke7 Qe4+ 52. Kf7
Qxg6+ 53. Kxg6 1/2-1/2

[Event "Open SSC Rostock 07 - 2009"]
[Site "Rostock"]
[Date "2009.08.28"]
[Round "4.16"]
[White "Wolf, Christoph"]
[Black "Schreiber, Kevin"]
[Result "0-1"]
[WhiteElo "1963"]
[BlackElo "1593"]
[PlyCount "80"]
[EventDate "2009.08.27"]
[EventType "swiss"]
[EventRounds "7"]
[EventCountry "GER"]
[Source "Th. Schwetlick"]
[SourceDate "2009.08.27"]
[WhiteTeam "SC Neukloster"]
[BlackTeam "SC Mecklenburger Springer"]

1. e4 c5 2. Nf3 e6 3. d4 cxd4 4. Nxd4 Nc6 5. Nc3 Qc7 6. Be2 a6 7. Be3 Nf6 8.
O-O Be7 9. f4 d6 10. Bf3 Nxd4 11. Bxd4 e5 12. Be3 Be6 13. f5 Bd7 14. Kh1 g6 15.
Bg5 gxf5 16. exf5 Bc6 17. Bxc6+ Qxc6 18. Bxf6 Bxf6 19. Nd5 Bd8 20. Rf3 Rc8 21.
c4 Bb6 22. Rg3 Bd4 23. Rc1 Bxb2 24. Rc2 Bd4 25. Rg7 h5 26. f6 Qa4 27. Qd3 Qa5
28. Rd2 b5 29. Qf5 Rxc4 30. Rd1 Qd2 31. Rf1 Rc2 32. Nb4 Rc1 33. Nd3 Rxf1+ 34.
Qxf1 Be3 35. Qb1 e4 36. Ne1 d5 37. h3 Bf2 38. Nc2 e3 39. Rg5 e2 40. Re5+ Kd8
0-1

[Event "Open SSC Rostock 07 - 2009"]
[Site "Rostock"]
[Date "2009.08.28"]
[Round "4.17"]
[White "Pererva, Viktor"]
[Black "Friedel, Roland"]
[Result "1-0"]
[WhiteElo "1637"]
[BlackElo "1757"]
[PlyCount "71"]
[EventDate "2009.08.27"]
[EventType "swiss"]
[EventRounds "7"]
[EventCountry "GER"]
[Source "Th. Schwetlick"]
[SourceDate "2009.08.27"]
[WhiteTeam "SSC Rostock 07"]
[BlackTeam "SSC Rostock 07"]

1. e4 e6 2. d4 d5 3. Nc3 dxe4 4. Nxe4 Bd7 5. Nf3 Bc6 6. Bd3 Nd7 7. O-O Bxe4 8.
Bxe4 c6 9. Re1 Ngf6 10. Bd3 Be7 11. Bd2 O-O 12. Ne5 Qc7 13. f4 Bd6 14. Qf3 Rad8
15. Rad1 c5 16. Bc3 Nd5 17. Qh3 N7f6 18. Rf1 g6 19. Rde1 Nxc3 20. bxc3 Nd5 21.
Be4 Nf6 22. Qf3 Nxe4 23. Qxe4 Bxe5 24. fxe5 cxd4 25. cxd4 Rd5 26. Qd3 Rfd8 27.
Rf4 Qd7 28. c3 Qc7 29. Qf3 R8d7 30. Rf1 b5 31. h4 Re7 32. h5 Kg7 33. hxg6 fxg6
34. Rf8 Rdd7 35. Qf6+ Kh6 36. Rf4 1-0

[Event "Open SSC Rostock 07 - 2009"]
[Site "Rostock"]
[Date "2009.08.28"]
[Round "4.18"]
[White "Henselin, Frank"]
[Black "Hingst, Silke"]
[Result "0-1"]
[WhiteElo "1434"]
[BlackElo "1878"]
[PlyCount "96"]
[EventDate "2009.08.27"]
[EventType "swiss"]
[EventRounds "7"]
[EventCountry "GER"]
[Source "Th. Schwetlick"]
[SourceDate "2009.08.27"]
[WhiteTeam "SAV Torgelow-Droegeheide"]
[BlackTeam "SSC Rostock 07"]

1. e4 c5 2. Nf3 d6 3. d4 cxd4 4. Nxd4 Nf6 5. Nc3 a6 6. f4 e6 7. Be2 Nbd7 8. Be3
Qc7 9. O-O b5 10. a3 Bb7 11. Bf3 Rc8 12. Qe2 Be7 13. Rad1 O-O 14. Rd2 Qc4 15.
Qxc4 Rxc4 16. Nb3 Ba8 17. Rfd1 Rfc8 18. Bd4 e5 19. Be3 Nxe4 20. Bxe4 Bxe4 21.
Na5 Rxc3 22. bxc3 Rxc3 23. Bf2 Rxc2 24. Rxc2 Bxc2 25. Rc1 Be4 26. Rc7 Bf5 27.
Nc6 Bf6 28. fxe5 dxe5 29. Ra7 g6 30. Rxa6 Kg7 31. Ra5 Bd3 32. Nb4 Bc4 33. Ra7
Nf8 34. Na6 Ne6 35. g3 e4 36. Nc5 Nxc5 37. Bxc5 Bg5 38. Kf2 Kf6 39. h4 Bc1 40.
Be3 Bb2 41. Bg5+ Kf5 42. Be3 Kg4 43. Re7 Be6 44. Rb7 Bxa3 45. Rxb5 Bd6 46. Kg2
Bf5 47. Rb7 Bxg3 48. Rxf7 h5 0-1

[Event "Open SSC Rostock 07 - 2009"]
[Site "Rostock"]
[Date "2009.08.28"]
[Round "4.19"]
[White "Jaensch, Robert"]
[Black "Bardosch, Karl Valentin"]
[Result "0-1"]
[WhiteElo "1720"]
[BlackElo "1266"]
[PlyCount "68"]
[EventDate "2009.08.27"]
[EventType "swiss"]
[EventRounds "7"]
[EventCountry "GER"]
[Source "Th. Schwetlick"]
[SourceDate "2009.08.27"]
[WhiteTeam "SSC Rostock 07"]
[BlackTeam "SSC Rostock 07"]

1. e4 c5 2. Nf3 d6 3. d4 cxd4 4. Nxd4 Nf6 5. Nc3 a6 6. Be2 e6 7. f3 Be7 8. Be3
b5 9. a3 Bb7 10. O-O O-O 11. Qd2 Nc6 12. Rfd1 Qc7 13. Rac1 Rac8 14. Na2 d5 15.
exd5 Nxd5 16. c4 Nxe3 17. Qxe3 Nxd4 18. Rxd4 Bc5 19. cxb5 Bxd4 20. Qxd4 Qa5 21.
Nc3 Rfd8 22. Qe3 axb5 23. Bxb5 Ba6 24. Bxa6 Qxa6 25. Kf2 Qb7 26. b4 Qa6 27. a4
Rd3 28. Qf4 Qb6+ 29. Kg3 Rdxc3 30. Rxc3 Rxc3 31. a5 Qc7 32. b5 Qxf4+ 33. Kxf4
Rb3 34. b6 Rb5 0-1

[Event "Open SSC Rostock 07 - 2009"]
[Site "Rostock"]
[Date "2009.08.28"]
[Round "4.20"]
[White "Bardosch, Konstantin"]
[Black "Nielsen, Jorgen Kamp"]
[Result "1/2-1/2"]
[WhiteElo "1350"]
[BlackElo "1711"]
[PlyCount "66"]
[EventDate "2009.08.27"]
[EventType "swiss"]
[EventRounds "7"]
[EventCountry "GER"]
[Source "Th. Schwetlick"]
[SourceDate "2009.08.27"]
[WhiteTeam "SSC Rostock 07"]
[BlackTeam "Skakklubben K41"]

1. d4 Nf6 2. c4 c5 3. Nf3 cxd4 4. Nxd4 g6 5. Nc3 Bg7 6. e4 O-O 7. Be2 Qb6 8.
Ndb5 a6 9. Be3 Qa5 10. e5 Ne8 11. Na7 Nc6 12. Nxc8 Rxc8 13. Qxd7 Rc7 14. Qd5
Bxe5 15. Qxa5 Nxa5 16. Bb6 Nc6 17. Bxc7 Nxc7 18. Rb1 Nd4 19. Bd3 Nce6 20. Na4
Nf4 21. Be4 Rc8 22. Nb6 Rd8 23. Nd5 f5 24. Nxf4 fxe4 25. Ne2 Nc2+ 26. Kf1 Bxb2
27. g3 Ba3 28. Rxb7 g5 29. h4 g4 30. h5 Rd1+ 31. Kg2 Ne1+ 32. Kh2 Nf3+ 33. Kg2
Ne1+ 1/2-1/2

[Event "Open SSC Rostock 07 - 2009"]
[Site "Rostock"]
[Date "2009.08.28"]
[Round "4.24"]
[White "Celmer, Ole"]
[Black "Breuel, Steffen"]
[Result "1-0"]
[WhiteElo "1543"]
[BlackElo "1054"]
[PlyCount "117"]
[EventDate "2009.08.27"]
[EventType "swiss"]
[EventRounds "7"]
[EventCountry "GER"]
[Source "Th. Schwetlick"]
[SourceDate "2009.08.27"]
[WhiteTeam "SSC Rostock 07"]
[BlackTeam "SSC Rostock 07"]

1. e4 c5 2. Nf3 Nc6 3. d4 cxd4 4. Nxd4 Nf6 5. Nc3 e5 6. Ndb5 d6 7. Bg5 Be7 8.
Bxf6 Bxf6 9. Nxd6+ Ke7 10. Ndb5 Qxd1+ 11. Rxd1 Be6 12. a3 Rac8 13. Nd5+ Bxd5
14. Rxd5 a6 15. Nc3 Nd4 16. Bd3 Ke6 17. O-O Be7 18. Rd1 b5 19. Rc1 b4 20. axb4
Bxb4 21. Ne2 Bd2 22. Nxd4+ exd4 23. Rd1 Bf4 24. Rxd4 Be5 25. Rb4 Rb8 26. Rxb8
Rxb8 27. b3 a5 28. g3 Bc3 29. f4 f6 30. Bc4+ Ke7 31. Rd3 Bb4 32. c3 Bc5+ 33.
Kg2 Rb6 34. Rd5 Bd6 35. Rxa5 Bc7 36. Rd5 Rb7 37. Rd2 Bd6 38. Bd5 Rb6 39. b4 Bc7
40. Rb2 Kd6 41. c4 Rb8 42. c5+ Ke7 43. b5 Ba5 44. b6 Bc3 45. Rb5 Bd4 46. b7 Kd7
47. c6+ Kc7 48. Ra5 Bb6 49. Ra8 Bc5 50. Kf3 Bd6 51. Kg4 g6 52. Bg8 h6 53. Bd5
g5 54. fxg5 hxg5 55. h4 gxh4 56. gxh4 Bf8 57. Kf5 Bg7 58. Kg6 Bh8 59. Rxb8 1-0